000 02537nam a2200337 i 4500
001 000022124
003 DO-SdBNP
005 20260319092831.0
007 ta
008 090702s1995 dr 001 0 spa d
040 _aDO-SdBNP
_bspa
_cBNPHU
_erda
041 _aspa
082 4 _a338.97293
_bC755a
_222
110 2 _aConsejo Nacional de la Empresa Privada (República Dominicana)
_985000
245 1 0 _aAgenda empresarial para el desarrollo integrado.
264 _aSanto Domingo :
_bCONEP,
_c1995.
300 _a434 páginas ;
_c23 cm.
336 _ardacontent
_btexto
_2txt
337 _ardamedia
_bsin mediación
_2n
338 _ardacarrier
_bvolumen
_2nc
500 _aIncluye documentos elaborados y aprobados en la Gran Convención Nacional Empresarial, 2ª : noviembre 9-10 1995, Santo Domingo, República Dominicana.
505 0 _aCharla de apertura --
_tDocumento agenda nacional para el desarrollo integrado --
_rModernización y redimensionamiento del estado y sus instituciones --
_tReforma social --
_tLineamientos de política económica para lograr el desarrollo económico --
_tDocumento de diagnóstico y sectoriales --
_tReordenamiento de la administración pública --
_tLa reforma de la seguridad social --
_tEducación: base del desarrollo --
_tEcología y medio ambiente --
_tConsideraciones sobre la problemática energética dominicana --
_tEl desarrollo de micro, pequeñas y medianas empresas --
_tEstrategia para incrementar y profundizar el desarrollo de las zonas francas industriales --
_tLa globalización y sus retos para la economía dominicana --
_tPropuesta de Política Nacional de Transporte --
_tDocumentos regionales:
_tLineamientos para una agenda regional --
_tLa provincia de La Vega --
_tLa Romana --
_tObras prioritarias para el desarrollo de la provincia La Altagracia --
_tNecesidades de San Pedro de Macorís --
_tEsquema sobre problemática regional sur--
_tSan Cristóbal --
_tProvincias de Azua --
_tProvincia de San Juan de la Maguana --
_tProvincia de Barahona --
_tEl valle de Neyba --
_tCuenca de Nizaíto, Paraíso, Barahona --
_tProvincia de Pedernales --
_tResoluciones --
_tCharla de clausura.
590 _aInventariado, 2018/BT
650 1 4 _aDesarrollo económico
_zRepública Dominicana
_98596
650 1 4 _aPotencial de crecimiento
_yRepública Dominicana
_910029
650 1 4 _aCrecimiento económico
_98530
650 1 4 _aPlanificación estratégica
_92433
651 1 4 _aRepública Dominicana
_xCondiciones económicas
_9281
910 _aValidado. Control de calidad. EMS
942 _2ddc
_cLBS1
999 _c21622
_d21622